All Kinds of Capitals - Statistics

General Stats
  • This quiz has been taken 26 times
  • The average score is 19 of 24
Answer Stats
Place Capital % Correct
Political Texas Austin
100%
Political Ukraine Kyiv
100%
Political Western Australia Perth
100%
Political Singapore Singapore
100%
Political Northern Ireland Belfast
96%
Political Wales Cardiff
96%
Political Scotland Edinburgh
96%
Political Greenland Nuuk
96%
Social Fashion Paris
96%
Political Bavaria Munich
92%
Social Fashion New York
92%
Social Fashion Milan
88%
Political Rhode Island Providence
88%
Political Honduras Tegucigalpa
88%
Political Tibet Lhasa
83%
Social Fashion London
83%
Political Mozambique Maputo
83%
Political Palau Ngerulmud
71%
Political New Caledonia Nouméa
50%
Political American Samoa Pago Pago
46%
Political Svalbard Longyearbyen
42%
Political Turks and Caicos Cockburn Town
29%
Political Bermuda Hamilton
29%
Political Darfur El Fasher
13%
No matching quizzes found
Score Distribution
Percent of People with Each Score
Percentile by Number Answered
Your Score History
You have not taken this quiz